Considérations morales et religieuses sur les événemens actuels (Запись № 13369145)

Подробности
000 -МАРКЕР
контрольное поле 01977nam0a2200361 4500
001 - ИДЕНТИФИКАТОР ЗАПИСИ
контрольное поле RU\NLR\BIBL_A\022470347
005 - ИДЕНТИФИКАТОР ВЕРСИИ
контрольное поле 20260408084259.0
035 ## - ДРУГИЕ СИСТЕМНЫЕ НОМЕРА
Идентификатор записи (NLR Aleph) 022470347
100 ## - ДАННЫЕ ОБЩЕЙ ОБРАБОТКИ
Данные общей обработки 20250225j1814 |||y0rusy50 ca
101 0# - ЯЗЫК РЕСУРСА
Язык текста, звукозаписи и т.д. французский
102 ## - СТРАНА ПУБЛИКАЦИИ ИЛИ ПРОИЗВОДСТВА
Страна публикации Российская Федерация
140 ## - ПОЛЕ КОДИРОВАННЫХ ДАННЫХ: СТАРОПЕЧАТНЫЕ ИЗДАНИЯ - ОБЩАЯ ИНФОРМАЦИЯ
Кодированные данные о старопечатном издании - Основные f y |||||||| ya 000
200 1# - ЗАГЛАВИЕ И СВЕДЕНИЯ ОБ ОТВЕТСТВЕННОСТИ
Основное заглавие Considérations morales et religieuses sur les événemens actuels
210 ## - ПУБЛИКАЦИЯ, РАСПРОСТРАНЕНИЕ И ДР.
Место издания, распространения и т.д. S-t.-Pétersbourg [St.- Peterburg]
Имя издателя, распространителя и т. д. de l'imprimerie de Pluchart et comp.
Дата издания, распространения и т.д. février 1814
215 ## - ФИЗИЧЕСКАЯ ХАРАКТЕРИСТИКА
Специфическое обозначение материала и объем [2], 35, [1] с.
Размеры 12° (19 см)
304 ## - ПРИМЕЧАНИЯ, ОТНОСЯЩИЕСЯ К ЗАГЛАВИЮ И СВЕДЕНИЯМ ОБ ОТВЕТСТВЕННОСТИ
Текст примечания Авт.: Дмитрий Петрович Бутурлин. Установл. по: Геннади Г. Справочный словарь о русских писателях ... Т. 1. — Берлин, 1876. — с. 120
307 ## - ПРИМЕЧАНИЯ, ОТНОСЯЩИЕСЯ К ФИЗИЧЕСКОМУ ОПИСАНИЮ
Текст примечания На тит. л. виньетка
317 ## - ПРИМЕЧАНИЯ О ПРОИСХОЖДЕНИИ ЭКЗЕМПЛЯРА
Текст примечания Экз. РНБ (12.50.10.256): Экслибрис: Императорская Эрмитажная иностранная библіотека
Организация и экземпляр, к которому относится поле NLR: 12.50.10.256
540 1# - ДОПОЛНИТЕЛЬНОЕ ЗАГЛАВИЕ, ПРИМЕНЯЕМОЕ КАТАЛОГИЗАТОРОМ
Заглавие Моральные и религиозные соображения по поводу текущих событий
620 ## - МЕСТО И ДАТА ПУБЛИКАЦИИ, ИСПОЛНЕНИЯ И Т. Д.
Город St.- Peterburg
700 #1 - ИМЯ ЛИЦА - ПЕРВИЧНАЯ ОТВЕТСТВЕННОСТЬ
Код отношения Автор
Материалы, к которым относится поле rus
Графика поля Латинская
Начальный элемент ввода Buturlin
Часть имени, кроме начального элемента ввода D. P.
Даты 1790-1849
Расширение инициалов личного имени Dmitrij Petrovič
Идентификатор авторитетной/нормативной записи RU\NLR\AUTH\7796569
Системный номер авторитетной/нормативной записи 79495
702 #1 - ИМЯ ЛИЦА - ВТОРИЧНАЯ ОТВЕТСТВЕННОСТЬ
Код отношения Печатник (типограф)
Графика поля Латинская
Материалы, к которым относится поле rus
Начальный элемент ввода Pljušar
Часть имени, кроме начального элемента ввода A. I.
Даты 1777-1827
Расширение инициалов личного имени Aleksandr Ivanovič
Системный номер авторитетной/нормативной записи 226189
Идентификатор авторитетной/нормативной записи RU\NLR\AUTH\770226245
712 02 - НАИМЕНОВАНИЕ ОРГАНИЗАЦИИ - ВТОРИЧНАЯ ОТВЕТСТВЕННОСТЬ
Код отношения Печатник (типограф)
Материалы, к которым относится поле fre
Начальный элемент ввода Pluchart et co., imprimerie
Идентифицирующий признак St.-Pétersbourg
Графика поля Латинская
Идентификатор авторитетной/нормативной записи RU\NLR\AUTH\8810049335
Системный номер авторитетной/нормативной записи 598756
712 02 - НАИМЕНОВАНИЕ ОРГАНИЗАЦИИ - ВТОРИЧНАЯ ОТВЕТСТВЕННОСТЬ
Код отношения Бывший владелец
Начальный элемент ввода Эрмитаж
Идентифицирующий признак Петербург
Структурное подразделение Библиотека
Идентификатор авторитетной/нормативной записи RU\NLR\AUTH\8810185935
Системный номер авторитетной/нормативной записи 866833
852 ## - МЕСТОНАХОЖДЕНИЕ И ШИФР ХРАНЕНИЯ
Идентификатор организации NLR
Шифр хранения (Call Number) 12.50.10.256
942 ## - ДОПОЛНИТЕЛЬНЫЕ ЭЛЕМЕНТЫ ЗАПИСИ (АБИС)
Тип экземпляра АБИС Книга
980 ## - КОЛЛЕКЦИЯ
Название коллекции Иностранная рекаталогизация: 17-19 век
980 ## - КОЛЛЕКЦИЯ
Название коллекции Национальная библиография
Экземпляры
Тип экземпляра Дата поступления Библиотека постоянного хранения Библиотека текущего хранения Место хранения Штрих-код Статус экземпляра
Книга 23.04.2025 РНБ (Садовая) РНБ (Садовая) Иностранный книжный фонд, главное здание ERR-355080 Доставлен в Фoнд